Statistics for Ultimate Parent Companies of Car Brands Quiz

Click here to take the quiz!

General Stats

  • This quiz has been taken 112 times
  • The average score is 30 of 61

Answer Stats

Car BrandParent Company% Correct
AcuraHonda
80%
AudiVolkswagen
78%
BMWBMW
69%
FordFord
68%
ChevroletGeneral Motors
68%
CadillacGeneral Motors
66%
VolkswagenVolkswagen
66%
ChryslerFiat-Chrysler
64%
FIATFiat-Chrysler
64%
BuickGeneral Motors
64%
ToyotaToyota
63%
Alfa RomeoFiat-Chrysler
62%
GMCGeneral Motors
62%
HondaHonda
62%
TeslaTesla
61%
MazdaMazda
60%
NissanRenault-Nissan-Mitsubishi Alliance
60%
LexusToyota
60%
BugattiVolkswagen
60%
Land RoverJaguar Land Rover
59%
HyundaiHyundai
58%
JaguarJaguar Land Rover
58%
HummerGeneral Motors
57%
PorscheVolkswagen
57%
MitsubishiRenault-Nissan-Mitsubishi Alliance
56%
BentleyVolkswagen
56%
LincolnFord
54%
PontiacGeneral Motors
54%
RenaultRenault-Nissan-Mitsubishi Alliance
53%
McLarenMcLaren
52%
DodgeFiat-Chrysler
51%
SuzukiSuzuki
51%
OldsmobileGeneral Motors
50%
INFINITINissan
49%
MINIBMW
48%
MaseratiFiat-Chrysler
48%
MercuryFord
48%
SaturnGeneral Motors
48%
HoldenGeneral Motors
48%
KiaHyundai
46%
KoenigseggKoenigsegg
46%
PaganiPagani
46%
JeepFiat-Chrysler
43%
ŠkodaVolkswagen
43%
GenesisHyundai
42%
SaabSaab AB
42%
Mercedes-BenzDaimler
41%
LanciaFiat-Chrysler
41%
ScionToyota
40%
SEATVolkswagen
40%
Rolls-RoyceBMW
39%
LamborghiniAudi
28%
VolvoZhejiang Geely
28%
PlymouthChrysler
24%
DaewooDaewoo
22%
LotusZhejiang Geely
21%
VauxhallOpel
20%
PeugeotGroupe PSA
10%
OpelGroupe PSA
10%
CitroënGroupe PSA
10%
IsuzuMitsubishi
9%

Score Distribution

Percentile by Number Answered

Percent of People with Each Score

Your Score History

You have not taken this quiz